[Event "Fujairah Global Superstar"]
[Site "Fujairah City UAE"]
[Date "2025.08.25"]
[Round "1.1"]
[White "Pranav, V"]
[Black "Nihal, Sarin"]
[Result "1-0"]
[WhiteTitle "GM"]
[BlackTitle "GM"]
[WhiteElo "2597"]
[BlackElo "2692"]
[WhiteFideId "25060783"]
[BlackFideId "25092340"]
[EventDate "2025.08.25"]

1. e4 c5 2. Nf3 d6 3. Bb5+ Nd7 4. O-O a6 5. Be2 Ngf6 6. d3 e6 7. a4 b6 8. Nfd2
Bb7 9. f4 Be7 10. Nc3 Nb8 11. Bf3 Nc6 12. Nb3 d5 13. e5 Nd7 14. Ne2 O-O 15. d4
c4 16. Nd2 b5 17. Bg4 g6 18. Nf3 Nb6 19. a5 Nd7 20. Ng5 Re8 21. Qe1 Nf8 22. Bd2
Bc8 23. Bh3 b4 24. Nf3 Rb8 25. g4 f5 26. exf6 Bxf6 27. Ne5 Bh4 28. Qc1 Bd7 29.
g5 c3 30. bxc3 Nxe5 31. dxe5 Bb5 32. Nd4 bxc3 33. Be3 Bxf1 34. Qxf1 Qc8 35. Bg4
Rb4 36. Qh3 Bxg5 37. fxg5 Qb8 38. Re1 Ra4 39. Qg3 Qb2 40. Rf1 Ra1 41. Qf2 Rxf1+
42. Qxf1 Qb7 43. Qf6 Qd7 44. h3 Re7 45. Bf2 Rf7 46. Bxe6 Nxe6 47. Qxe6 Qxe6 48.
Nxe6 Re7 49. Nc5 Rxe5 50. Kf1 Rxg5 51. Bd4 Rf5+ 52. Ke2 Rf8 53. Bxc3 Rc8 54. Bb4
Rc6 55. Ke3 g5 56. Kd4 h5 57. Kxd5 Rg6 58. Ne4 Kf7 59. Bd6 h4 60. c4 g4 61. hxg4
Rxg4 62. c5 Rg6 63. c6 Ke8 64. c7 Kd7 65. Nc5+ Kc8 66. Kc6 Re6 67. Nd7 Rxd6+ 68.
Kxd6 Kb7 69. Nb6 h3 70. c8=Q+ Ka7 71. Qc7# 1-0

[Event "Fujairah Global Superstar"]
[Site "Fujairah City UAE"]
[Date "2025.08.25"]
[Round "1.2"]
[White "Sadhwani, Raunak"]
[Black "Grebnev, Aleksey"]
[Result "1/2-1/2"]
[WhiteTitle "GM"]
[BlackTitle "GM"]
[WhiteElo "2676"]
[BlackElo "2595"]
[WhiteFideId "35093487"]
[BlackFideId "34189030"]
[EventDate "2025.08.25"]

1. c4 e6 2. Nc3 d5 3. d4 c5 4. e3 Nf6 5. Nf3 Nc6 6. a3 a6 7. dxc5 Bxc5 8. b4 Bd6
9. Bb2 O-O 10. Be2 dxc4 11. Bxc4 b5 12. Bd3 Ne5 13. Nxe5 Bxe5 14. f4 Bxc3+ 15.
Bxc3 Bb7 16. O-O Be4 17. Be2 Qxd1 18. Rfxd1 Rfc8 19. Rdc1 Bd5 20. Bxf6 gxf6 21.
Kf2 f5 22. h3 Be4 23. g4 fxg4 24. hxg4 Kg7 25. Bf3 Bxf3 26. Kxf3 a5 27. Rxc8
Rxc8 28. bxa5 Ra8 29. Rc1 Rxa5 30. Rc5 Rxa3 31. Rxb5 1/2-1/2

[Event "Fujairah Global Superstar"]
[Site "Fujairah City UAE"]
[Date "2025.08.25"]
[Round "1.3"]
[White "Motylev, Alexander"]
[Black "Tabatabaei, M. Amin"]
[Result "1-0"]
[WhiteTitle "GM"]
[BlackTitle "GM"]
[WhiteElo "2595"]
[BlackElo "2673"]
[WhiteFideId "4121830"]
[BlackFideId "12521213"]
[EventDate "2025.08.25"]

1. e4 c5 2. Nf3 d6 3. Bb5+ Bd7 4. Bxd7+ Qxd7 5. O-O Nf6 6. Re1 Nc6 7. c3 e6 8.
d4 cxd4 9. cxd4 d5 10. e5 Ne4 11. Nbd2 Nxd2 12. Bxd2 Be7 13. Rc1 O-O 14. Rc3
Rac8 15. a3 a6 16. Rd3 Qd8 17. h4 Qb6 18. h5 h6 19. Rb3 Qa7 20. Rd3 Qb6 21. Rb3
Qa7 22. Rd3 a5 23. Nh2 Qa6 24. Bf4 a4 25. Ng4 Rfd8 26. Bxh6 gxh6 27. Nxh6+ Kf8
28. Rf3 Ke8 29. Nxf7 Kd7 30. Nxd8 Rxd8 31. b4 Qc4 32. Rf4 Rh8 33. g3 Qb3 34.
Qxb3 axb3 35. Rb1 Rxh5 36. Rxb3 b5 37. Rd3 Rh7 38. Kg2 Bd8 39. a4 bxa4 40. Ra3
Bg5 41. Rg4 Be7 42. Rxa4 Bxb4 43. Rh4 Rf7 44. Rh1 Bc3 45. Rb1 Rf5 46. f4 Bxd4
47. Rb7+ Kc8 48. Rh7 Kb8 49. Ra6 Nd8 50. Rh8 Kc7 51. Rd6 Nf7 52. Rh7 Bc5 53.
Rxe6 Kd7 54. Ra6 Ke8 55. Ra5 Be7 56. Rxd5 Nd8 57. Rh8+ Bf8 58. Kf3 Rf7 59. Ke4
Ne6 60. f5 Ng5+ 61. Kf4 Ne6+ 62. Kg4 Rg7+ 63. Kf3 Ng5+ 64. Kf4 Nf7 65. Rh5 Rg8
66. e6 Bd6+ 67. Ke3 Rxg3+ 68. Ke2 Bf4 69. exf7+ Kxf7 70. Kf2 Ra3 71. Rh8 Ke7 72.
Rg8 Be3+ 73. Kg2 Ra6 74. Rg7+ Kf8 75. Rb7 Bg5 76. Rc5 Be7 77. Rcc7 Ra2+ 78. Kf3
Ra3+ 79. Ke2 Ra2+ 80. Kd3 Ra3+ 81. Kc2 Ra2+ 82. Kb1 Re2 83. f6 Bd6 84. Rh7 Rh2
85. Rhd7 1-0

[Event "Fujairah Global Superstar"]
[Site "Fujairah City UAE"]
[Date "2025.08.25"]
[Round "1.4"]
[White "Shankland, Sam"]
[Black "Narayanan, S.L."]
[Result "1/2-1/2"]
[WhiteTitle "GM"]
[BlackTitle "GM"]
[WhiteElo "2670"]
[BlackElo "2595"]
[WhiteFideId "2004887"]
[BlackFideId "5058422"]
[EventDate "2025.08.25"]

1. e4 e5 2. Nf3 Nc6 3. Bb5 a6 4. Ba4 Nf6 5. O-O Be7 6. Re1 b5 7. Bb3 O-O 8. a4
b4 9. d4 d6 10. dxe5 Nxe5 11. Nbd2 Nfd7 12. a5 Bb7 13. Ra4 c5 14. Nc4 Nxc4 15.
Bxc4 Nf6 16. e5 dxe5 17. Nxe5 Bd6 18. Ng4 Nxg4 19. Qxg4 Re8 20. Re3 Qf6 21. Ra1
Be5 22. Re2 h6 23. c3 Rad8 24. Bd2 bxc3 25. Bxc3 Bxc3 26. bxc3 Qxc3 27. Rf1 Bc6
28. Qf4 Rxe2 29. Qxf7+ Kh8 30. Bxe2 Qxa5 31. Qf5 Qc3 32. Bxa6 Qd4 33. Rc1 Be4
34. Qf4 Bd3 35. Qxd4 Rxd4 36. Bxd3 1/2-1/2

[Event "Fujairah Global Superstar"]
[Site "Fujairah City UAE"]
[Date "2025.08.25"]
[Round "1.5"]
[White "Jacobson, Brandon"]
[Black "Theodorou, Nikolas"]
[Result "1-0"]
[WhiteTitle "GM"]
[BlackTitle "GM"]
[WhiteElo "2594"]
[BlackElo "2646"]
[WhiteFideId "30901561"]
[BlackFideId "4262875"]
[EventDate "2025.08.25"]

1. c4 e5 2. g3 Nc6 3. Bg2 g6 4. Nc3 Bg7 5. d3 d6 6. Bd2 f5 7. Nh3 Nf6 8. O-O h6
9. f4 O-O 10. Nd5 Ng4 11. fxe5 dxe5 12. Nf2 Nxf2 13. Rxf2 Nd4 14. Ba5 Rf7 15.
Qd2 Ne6 16. Raf1 Qe8 17. e4 c6 18. exf5 gxf5 19. Nc3 b6 20. Bb4 a5 21. Ba3 Nd4
22. Ne2 Ne6 23. Qe3 Rb8 24. Rxf5 Rxf5 25. Rxf5 Ng5 26. Rf1 Bg4 27. Nc3 b5 28.
Bd6 Rd8 29. c5 Be6 30. Ne4 Nh7 31. a3 Ra8 32. Nc3 b4 33. Na4 Ra7 34. Nb6 Ng5 35.
Bxe5 Bh3 36. d4 Re7 37. Nc4 Qh5 38. Bxh3 Qxh3 39. Qb3 a4 40. Qxa4 Qe6 41. Qb3
Qd5 42. h4 Bxe5 43. dxe5 Ne6 44. axb4 Rg7 45. Kh2 Rg4 46. Na5 Qxb3 47. Nxb3 Rxb4
48. Rf3 Re4 49. Na5 Rxe5 50. b4 Nd4 51. Rf6 Kg7 52. Rd6 Re2+ 53. Kh3 Nf5 54.
Rxc6 h5 55. Nc4 Nh6 56. Rxh6 Kxh6 57. c6 Rc2 58. Ne5 Rb2 59. Nd3 1-0

[Event "Fujairah Global Superstar"]
[Site "Fujairah City UAE"]
[Date "2025.08.25"]
[Round "1.6"]
[White "Salem, A.R. Saleh"]
[Black "Pranav, Anand"]
[Result "1/2-1/2"]
[WhiteTitle "GM"]
[BlackTitle "GM"]
[WhiteElo "2640"]
[BlackElo "2590"]
[WhiteFideId "9301348"]
[BlackFideId "46626786"]
[EventDate "2025.08.25"]

1. Nf3 d5 2. g3 Nf6 3. Bg2 c5 4. O-O g6 5. d4 cxd4 6. Nxd4 Bg7 7. Nb3 O-O 8. Nc3
e6 9. Re1 Nc6 10. a4 Re8 11. a5 h6 12. Ra4 Bd7 13. e4 Ne7 14. Ra1 Nxe4 15. Nxe4
dxe4 16. Bxe4 Bc6 17. Qe2 Rc8 18. c3 Bxe4 19. Qxe4 Qd5 20. Nd2 Red8 21. Ra4 Nc6
22. Qxd5 Rxd5 23. Nc4 g5 24. Be3 Rc7 25. f3 Kh7 26. Kf2 Kg6 27. g4 f5 28. Kg2
Bf6 29. Bf2 Kf7 30. Re2 Rd3 31. h3 Rd5 32. Bg3 Rcd7 33. Ra1 Rd8 34. Bc7 R8d7 35.
Bg3 Rd8 36. Bc7 R8d7 37. Bh2 Bg7 38. Bg3 Bf6 39. Bf2 Rc7 40. a6 b6 41. Ne3 Rb5
42. Rd2 Ne7 43. Ra4 Rbc5 44. Kf1 Be5 45. Re2 Kf6 46. Nc2 Rc4 47. Ra1 Nc6 48.
Rae1 Rd7 49. Nb4 Nxb4 50. Rxe5 Nd3 51. Rxe6+ Kf7 52. R1e3 fxg4 53. Rxh6 Kg7 54.
Rh5 gxh3 55. Bg3 Ra4 56. Rxh3 Ra1+ 57. Be1 Nxe1 58. Rxe1 Rdd1 59. Rxd1 Rxd1+ 60.
Ke2 Ra1 61. Kd3 Rxa6 62. b4 Ra1 63. Rh5 1/2-1/2

[Event "Fujairah Global Superstar"]
[Site "Fujairah City UAE"]
[Date "2025.08.25"]
[Round "1.7"]
[White "Pranesh, M"]
[Black "Martinez Alcantara, Jose Eduardo"]
[Result "1/2-1/2"]
[WhiteTitle "GM"]
[BlackTitle "GM"]
[WhiteElo "2589"]
[BlackElo "2636"]
[WhiteFideId "35028600"]
[BlackFideId "3805662"]
[EventDate "2025.08.25"]

1. e4 c5 2. Nf3 d6 3. d4 cxd4 4. Nxd4 Nf6 5. Nc3 Nc6 6. Bc4 e5 7. Nf5 Bxf5 8.
exf5 Qa5 9. O-O d5 10. Bb3 d4 11. Ne2 Bd6 12. c3 O-O 13. Bg5 Ne4 14. Bh4 Be7 15.
Bxe7 Nxe7 16. Bc2 Nf6 17. cxd4 exd4 18. Nxd4 Rad8 19. Qe1 Qc5 20. Rd1 Rfe8 21.
Nb3 Qxc2 22. Rxd8 Rxd8 23. Qxe7 Rd7 24. Qc5 Qxc5 25. Nxc5 Rd2 26. Rb1 b6 27. Nb3
Rd5 28. Rc1 h5 29. h3 a5 30. a4 Rxf5 31. Rc6 Rf4 32. Rxb6 Rxa4 33. Rb8+ Kh7 34.
Rb5 h4 35. Rxa5 Rb4 36. Nd2 Rxb2 37. Nf3 Rb1+ 38. Kh2 Rb2 39. Rf5 Rb4 1/2-1/2

[Event "Fujairah Global Superstar"]
[Site "Fujairah City UAE"]
[Date "2025.08.25"]
[Round "1.8"]
[White "Sjugirov, Sanan"]
[Black "Kozak, Adam"]
[Result "1-0"]
[WhiteTitle "GM"]
[BlackTitle "GM"]
[WhiteElo "2636"]
[BlackElo "2586"]
[WhiteFideId "4189302"]
[BlackFideId "753246"]
[EventDate "2025.08.25"]

1. e4 c5 2. Nf3 d6 3. Bb5+ Bd7 4. c4 Nc6 5. Nc3 e5 6. d3 Nge7 7. Ba4 h6 8. O-O
Ng6 9. Nd5 Be7 10. a3 Bg5 11. Be3 Bxe3 12. fxe3 O-O 13. b4 f5 14. exf5 Bxf5 15.
bxc5 dxc5 16. Rb1 Rb8 17. Qc2 Nce7 18. Nd2 Kh8 19. Qc3 Nxd5 20. cxd5 Nh4 21. Rf2
Qg5 22. Rbf1 b5 23. e4 bxa4 24. exf5 Rxf5 25. g3 Kh7 26. Qxc5 Rxf2 27. Rxf2 Rb2
28. Nf1 Rb3 29. Qc4 Ng6 30. h4 Qh5 31. d6 Qd1 32. d7 Rxd3 33. Qxd3 Qxd3 34. Rd2
Qxa3 35. d8=Q Qf3 36. Qd3 Qg4 37. Qe2 1-0

[Event "Fujairah Global Superstar"]
[Site "Fujairah City UAE"]
[Date "2025.08.25"]
[Round "1.9"]
[White "Muradli, Mahammad"]
[Black "Puranik, Abhimanyu"]
[Result "1-0"]
[WhiteTitle "GM"]
[BlackTitle "GM"]
[WhiteElo "2586"]
[BlackElo "2635"]
[WhiteFideId "13409301"]
[BlackFideId "5061245"]
[EventDate "2025.08.25"]

1. d4 d5 2. c4 e6 3. Nf3 Nf6 4. Nc3 Be7 5. cxd5 exd5 6. Bg5 c6 7. Qc2 Na6 8. a3
Nc7 9. e3 Ne6 10. Bh4 g6 11. Bd3 Ng7 12. O-O O-O 13. b4 a6 14. Rab1 Bf5 15. a4
Bxd3 16. Qxd3 Nf5 17. Bxf6 Bxf6 18. b5 axb5 19. axb5 Ra3 20. bxc6 bxc6 21. Rfc1
Qa8 22. Qd1 Nd6 23. Nd2 Kg7 24. Ne2 Rc8 25. Rc2 h5 26. Rbc1 Qa6 27. g3 Nf5 28.
Nf4 Ne7 29. Nf3 Rb8 30. Ne5 Bxe5 31. dxe5 Qa4 32. e6 f6 33. h4 Qe4 34. Rd2 Qf5
35. Rd4 Ra7 36. Ra4 Rab7 37. Kg2 Rb4 38. Ra7 R8b7 39. Rxb7 Rxb7 40. Qd4 Qe5 41.
Qc5 Qe4+ 42. Kg1 Qb4 43. Qc2 Qb2 44. Qd1 Qe5 45. Qa4 Qd6 46. Qa6 Qb4 47. Ra1 Qb5
48. Qa8 Rb8 49. Qa7 Rb7 50. Qa8 Rb8 51. Qa3 Qb4 52. Qd3 Rb7 53. Rc1 Qb2 54. Qd1
Qb3 55. Qd4 Qb2 56. Qd1 Qb3 57. Qf1 Qb5 58. Nd3 Nf5 59. Qd1 Re7 60. Nf4 Rb7 61.
Nd3 Re7 62. Rb1 Qa6 63. Nf4 Rb7 64. Rxb7+ Qxb7 65. Qc2 Ne7 66. Qc5 Nf5 67. Kh2
Kh7 68. Qc2 Kh6 69. Qc5 Kg7 70. Kg2 Kh7 71. Qf8 Qg7 72. Qe8 Ne7 73. Nd3 Nf5 74.
Qxc6 Ne7 75. Qe8 f5 76. Nc5 Ng8 77. Nd7 Ne7 78. Qf7 Kh6 79. Kh2 Nc6 80. Qe8 d4
81. exd4 Qxd4 82. Qf8+ Qg7 83. Qd6 Ne7 84. Ne5 Qf6 85. Kg2 f4 86. Nd7 f3+ 87.
Kh2 Qb2 88. Qf4+ Kh7 89. Nf8+ Kg7 90. Qf7+ 1-0

[Event "Fujairah Global Superstar"]
[Site "Fujairah City UAE"]
[Date "2025.08.25"]
[Round "1.10"]
[White "Volokitin, Andrei"]
[Black "Zemlyanskii, Ivan"]
[Result "0-1"]
[WhiteTitle "GM"]
[BlackTitle "GM"]
[WhiteElo "2628"]
[BlackElo "2586"]
[WhiteFideId "14107090"]
[BlackFideId "24249971"]
[EventDate "2025.08.25"]

1. e4 e5 2. Nf3 Nc6 3. Bc4 Nf6 4. d3 Be7 5. Nc3 O-O 6. O-O d6 7. a4 Bg4 8. h3
Bh5 9. Nd5 Nxd5 10. Bxd5 Nb4 11. Bb3 a5 12. c3 Na6 13. g4 Bg6 14. Be3 c6 15. Kh2
Kh8 16. Rg1 Nc7 17. Qf1 f6 18. Nh4 Bf7 19. Bxf7 Rxf7 20. f4 exf4 21. Bxf4 Ne6
22. Nf5 Bf8 23. Bg3 Qd7 24. Rg2 Re8 25. Rf2 Kg8 26. Ne3 d5 27. exd5 cxd5 28. Rf5
d4 29. Nc4 dxc3 30. bxc3 Nc5 31. Nxa5 Rfe7 32. Ra2 Re3 33. Rf3 Qd5 34. Rxe3 0-1

[Event "Fujairah Global Superstar"]
[Site "Fujairah City UAE"]
[Date "2025.08.25"]
[Round "1.11"]
[White "Dudin, Gleb"]
[Black "Cheparinov, Ivan"]
[Result "0-1"]
[WhiteTitle "GM"]
[BlackTitle "GM"]
[WhiteElo "2583"]
[BlackElo "2625"]
[WhiteFideId "34184934"]
[BlackFideId "2905540"]
[EventDate "2025.08.25"]

1. c4 e5 2. g3 Nf6 3. Bg2 Bc5 4. d3 O-O 5. Nf3 d6 6. O-O a5 7. Nc3 c6 8. b3 Re8
9. Bb2 Ba7 10. h3 Na6 11. e4 Nc5 12. Qc2 Ne6 13. Ne2 Bd7 14. Kh2 Rc8 15. Rae1 h6
16. d4 exd4 17. Nexd4 Nxd4 18. Nxd4 Bc5 19. f4 Qb6 20. Nf3 Re6 21. g4 Rce8 22.
g5 Nxe4 23. gxh6 Be3 24. Ng5 Nxg5 25. fxg5 Bg1+ 26. Rxg1 Rxe1 27. Rf1 Rxf1 28.
Bxf1 Qe3 29. Bc1 Qe5+ 30. Kg2 Qe1 31. Qb2 Bxh3+ 32. Kh2 Re5 0-1

[Event "Fujairah Global Superstar"]
[Site "Fujairah City UAE"]
[Date "2025.08.25"]
[Round "1.12"]
[White "Daneshvar, Bardiya"]
[Black "Pichot, Alan"]
[Result "1/2-1/2"]
[WhiteTitle "GM"]
[BlackTitle "GM"]
[WhiteElo "2625"]
[BlackElo "2581"]
[WhiteFideId "12576468"]
[BlackFideId "110973"]
[EventDate "2025.08.25"]

1. e4 e5 2. Nf3 Nc6 3. Bb5 a6 4. Ba4 Nf6 5. d3 b5 6. Bb3 Be7 7. a4 b4 8. O-O O-O
9. Nbd2 d6 10. a5 Be6 11. Nc4 Nd4 12. Nxd4 exd4 13. e5 dxe5 14. Nxe5 Bxb3 15.
cxb3 Qd5 16. Nc4 Bd6 17. Bd2 Rfe8 18. Re1 Rxe1+ 19. Qxe1 Re8 20. Qf1 c5 21. Re1
Re6 22. g3 Bc7 23. Rxe6 Qxe6 24. Qg2 Qd5 25. Nb6 Qxg2+ 26. Kxg2 h6 27. h4 Kf8
28. Kf3 Ke7 29. Bf4 Bxf4 30. Kxf4 Ke6 1/2-1/2

[Event "Fujairah Global Superstar"]
[Site "Fujairah City UAE"]
[Date "2025.08.25"]
[Round "1.13"]
[White "Hong, Andrew"]
[Black "Hakobyan, Aram"]
[Result "1-0"]
[WhiteTitle "GM"]
[BlackTitle "GM"]
[WhiteElo "2580"]
[BlackElo "2625"]
[WhiteFideId "2099438"]
[BlackFideId "13306677"]
[EventDate "2025.08.25"]

1. e4 c5 2. Nf3 e6 3. g3 d5 4. exd5 exd5 5. d4 cxd4 6. Nxd4 Nc6 7. Bg2 Bc5 8.
Nb3 Qe7+ 9. Qe2 Bb6 10. Be3 Bxe3 11. Qxe3 Qxe3+ 12. fxe3 Nf6 13. Nc3 Be6 14.
O-O-O O-O-O 15. Nd4 Ng4 16. Rhe1 Nxh2 17. e4 Bg4 18. Nxc6 bxc6 19. Rd3 dxe4 20.
Rxd8+ Rxd8 21. Rxe4 h5 22. Rf4 f6 23. Bxc6 Bd7 24. Bg2 Ng4 25. Rc4+ Kb8 26. Rb4+
Kc8 27. Rc4+ Kb8 28. Rb4+ Kc8 29. Rb7 a6 30. Ra7 Ne3 31. Bf3 Bg4 32. Bxg4+ hxg4
33. Rxg7 f5 34. Re7 Nf1 35. Ne2 Rh8 36. b4 Rh2 37. a4 Rg2 38. b5 axb5 39. a5
Rxe2 40. Rxe2 Nxg3 41. Re5 f4 42. Kd2 Kb7 43. Rxb5+ Ka6 44. Rb4 Nh5 45. Re4 g3
46. Re6+ Ka7 47. Ke2 g2 48. Kf2 f3 49. Rg6 Nf4 50. Rg7+ Ka6 51. Kxf3 Ne6 52.
Rxg2 Kxa5 53. Rg4 Kb5 54. Ke3 Kc5 55. Kd3 Kd5 56. Rh4 Nc5+ 57. Kc3 1-0

[Event "Fujairah Global Superstar"]
[Site "Fujairah City UAE"]
[Date "2025.08.25"]
[Round "1.14"]
[White "Ivanchuk, Vasyl"]
[Black "Iturrizaga Bonelli, Eduardo"]
[Result "0-1"]
[WhiteTitle "GM"]
[BlackTitle "GM"]
[WhiteElo "2623"]
[BlackElo "2576"]
[WhiteFideId "14100010"]
[BlackFideId "3901211"]
[EventDate "2025.08.25"]

1. c4 c6 2. Nf3 Nf6 3. Nc3 d5 4. e3 Bf5 5. cxd5 cxd5 6. Qb3 Bc8 7. Bb5+ Nc6 8.
d3 e6 9. e4 Be7 10. O-O O-O 11. e5 Nd7 12. d4 f6 13. exf6 Bxf6 14. Qd1 Nb6 15.
Re1 Bd7 16. b3 Rc8 17. Ba3 Re8 18. Rc1 a6 19. Bd3 g6 20. Bc5 Be7 21. h4 Bxc5 22.
dxc5 Na8 23. h5 Qf6 24. hxg6 hxg6 25. a3 Nc7 26. b4 Rcd8 27. Bf1 Kg7 28. Qd2 Bc8
29. Qg5 Qxg5 30. Nxg5 e5 31. f3 Rf8 32. Ne2 Kh6 33. f4 exf4 34. Nf3 d4 35. Rcd1
Nb5 36. a4 Nc3 37. Nxc3 dxc3 38. Rc1 Nxb4 39. Rxc3 Nd5 40. Rb3 Rfe8 41. Rxe8
Rxe8 42. Kf2 Nf6 43. Nd2 Re5 44. c6 bxc6 45. Rb8 Ng4+ 46. Kg1 Bf5 47. Bxa6 Ra5
48. Rb6 Rxa4 49. Rxc6 Ra1+ 50. Nf1 Ne3 51. Rd6 Rxa6 52. Rxa6 Nxf1 0-1

[Event "Fujairah Global Superstar"]
[Site "Fujairah City UAE"]
[Date "2025.08.25"]
[Round "1.15"]
[White "Socko, Bartosz"]
[Black "Dardha, Daniel"]
[Result "1/2-1/2"]
[WhiteTitle "GM"]
[BlackTitle "GM"]
[WhiteElo "2574"]
[BlackElo "2616"]
[WhiteFideId "1107038"]
[BlackFideId "240990"]
[EventDate "2025.08.25"]

1. e4 e5 2. Nf3 Nc6 3. Nc3 Nf6 4. d4 exd4 5. Nxd4 Bb4 6. Nxc6 bxc6 7. Bd3 O-O 8.
O-O Re8 9. Bg5 h6 10. Bh4 g5 11. Bg3 Bxc3 12. bxc3 Nxe4 13. Qh5 d6 14. f4 Bf5
15. Bxe4 Rxe4 16. fxg5 Bg6 17. Qxh6 Qf8 18. Qxf8+ Rxf8 19. Rab1 Rfe8 20. h4 Re2
21. Rf2 Re1+ 22. Rf1 R1e2 23. Rf2 Re1+ 24. Rf1 R1e2 1/2-1/2

[Event "Fujairah Global Superstar"]
[Site "Fujairah City UAE"]
[Date "2025.08.25"]
[Round "1.16"]
[White "Donchenko, Alexander"]
[Black "Gorshtein, Ido"]
[Result "1/2-1/2"]
[WhiteTitle "GM"]
[BlackTitle "GM"]
[WhiteElo "2616"]
[BlackElo "2571"]
[WhiteFideId "24603295"]
[BlackFideId "2815532"]
[EventDate "2025.08.25"]

1. d4 Nf6 2. c4 e6 3. Nc3 Bb4 4. e3 O-O 5. Bd3 Re8 6. Nf3 d5 7. O-O b6 8. cxd5
exd5 9. Ne5 c5 10. Bd2 Ba6 11. Bxa6 Nxa6 12. Qa4 Nc7 13. Nc6 Qd6 14. Nxb4 cxb4
15. Ne2 a5 16. Rfc1 b5 17. Qc2 Ne6 18. f3 Qd7 19. Be1 Rac8 20. Qd3 h6 21. Bh4
Nh7 22. Rd1 Nhf8 23. Be1 Ng6 24. b3 Ra8 25. Rdc1 Ne7 26. Rc2 Qb7 27. Bh4 Ng6 28.
Bg3 Rac8 29. Rac1 Rxc2 30. Rxc2 Qd7 31. h3 Ne7 32. e4 Rc8 33. Rd2 f6 34. Bf2 Kh8
35. Be3 Rf8 36. Rd1 Rc8 37. Qd2 Kg8 38. Ng3 Rc6 39. e5 f5 40. Nh5 Qc8 41. Qf2
Kf7 42. Rd2 g6 43. Qh4 Rc1+ 44. Kh2 g5 45. Qg3 f4 46. Bxf4 Nxf4 47. Nxf4 gxf4
48. Qxf4+ Qf5 49. Qxh6 Ng6 50. Qh7+ Kf8 51. Qh6+ Kf7 52. Qh7+ Kf8 53. Qh6+ Kg8
54. h4 Rc3 55. g4 Qf4+ 56. Qxf4 Nxf4 57. Kg3 Ne6 58. g5 a4 59. Kg4 axb3 60. axb3
Rxb3 61. f4 Re3 62. f5 Re4+ 1/2-1/2

[Event "Fujairah Global Superstar"]
[Site "Fujairah City UAE"]
[Date "2025.08.25"]
[Round "1.17"]
[White "Piorun, Kacper"]
[Black "Mishra, Abhimanyu"]
[Result "0-1"]
[WhiteTitle "GM"]
[BlackTitle "GM"]
[WhiteElo "2568"]
[BlackElo "2610"]
[WhiteFideId "1130420"]
[BlackFideId "30920019"]
[EventDate "2025.08.25"]

1. e4 c5 2. Nf3 d6 3. Nc3 Nf6 4. Bb5+ Bd7 5. Qe2 g6 6. e5 dxe5 7. Qxe5 Qb6 8. a4
Nc6 9. Bxc6 Bxc6 10. d4 Bxf3 11. gxf3 cxd4 12. Nb5 Rc8 13. Nxd4 Bg7 14. a5 Qa6
15. c3 O-O 16. Qe2 Rc4 17. O-O Nd5 18. Re1 e5 19. Nc2 Qc6 20. Rd1 Rh4 21. Qd3
Nf6 22. Nb4 Qe6 23. Bg5 Rh5 24. Bxf6 Qxf6 25. Qe4 Rh4 26. Qxb7 e4 27. fxe4 Qf3
28. Qd5 Rg4+ 29. Kf1 Rxe4 30. Kg1 Rfe8 0-1

[Event "Fujairah Global Superstar"]
[Site "Fujairah City UAE"]
[Date "2025.08.25"]
[Round "1.18"]
[White "Suleymanli, Aydin"]
[Black "Bharath, Subramaniyam H"]
[Result "1-0"]
[WhiteTitle "GM"]
[BlackTitle "GM"]
[WhiteElo "2609"]
[BlackElo "2562"]
[WhiteFideId "13413937"]
[BlackFideId "46634827"]
[EventDate "2025.08.25"]

1. e4 c5 2. Nf3 d6 3. d4 cxd4 4. Nxd4 Nf6 5. Nc3 Nc6 6. Bg5 e6 7. Qd2 a6 8.
O-O-O Be7 9. f3 O-O 10. Kb1 Bd7 11. Nxc6 Bxc6 12. h4 b5 13. Bd3 Rc8 14. Ne2 Nd7
15. Nd4 Bb7 16. Rhe1 Nc5 17. Bf1 Qc7 18. g3 Rfe8 19. Bxe7 Qxe7 20. Nb3 Red8 21.
Nxc5 dxc5 22. Qa5 Rd6 23. a4 b4 24. e5 Qd8 25. Qxd8+ Rdxd8 26. f4 a5 27. Bb5 Bd5
28. c4 bxc3 29. bxc3 Kf8 30. Kc1 Ke7 31. Re3 Ba8 32. Rd6 Rxd6 33. exd6+ Kxd6 34.
Rd3+ Ke7 35. Rd7+ Kf6 36. Ra7 Bf3 37. Rxa5 Rd8 38. Kc2 Be4+ 39. Kb3 Rd2 40. Kc4
Rg2 41. Kxc5 Rxg3 42. c4 e5 43. fxe5+ Kxe5 44. Ra7 f5 45. Re7+ Kf6 46. Re8 Ra3
47. Kb6 g5 48. hxg5+ Kxg5 49. c5 h5 50. c6 Bxc6 51. Bxc6 Rb3+ 52. Bb5 h4 53. a5
h3 54. a6 1-0

[Event "Fujairah Global Superstar"]
[Site "Fujairah City UAE"]
[Date "2025.08.25"]
[Round "1.19"]
[White "Aditya, Mittal"]
[Black "Mendonca, Leon Luke"]
[Result "1/2-1/2"]
[WhiteTitle "GM"]
[BlackTitle "GM"]
[WhiteElo "2560"]
[BlackElo "2606"]
[WhiteFideId "35042025"]
[BlackFideId "35028561"]
[EventDate "2025.08.25"]

1. c4 e6 2. Nc3 d5 3. d4 h6 4. Nf3 Nf6 5. Bf4 Bd6 6. Bxd6 Qxd6 7. Qc2 Nc6 8. a3
O-O 9. Rd1 b6 10. e4 dxe4 11. Nxe4 Qf4 12. Nxf6+ Qxf6 13. Bd3 Bb7 14. Be4 Qf4
15. O-O Nb4 16. Bh7+ Kh8 17. axb4 Bxf3 18. gxf3 f5 19. Bxf5 Rxf5 20. Qe4 Qxf3
21. Qxf3 Rxf3 22. Rd2 Rb3 23. b5 Rb4 24. Rc1 a6 25. bxa6 Rxa6 26. d5 Ra5 27.
dxe6 Re5 28. Rc3 Rxe6 29. b3 b5 30. cxb5 Rxb5 31. Rd7 Rg6+ 32. Rg3 Rxg3+ 33.
hxg3 Rxb3 34. Rxc7 1/2-1/2

[Event "Fujairah Global Superstar"]
[Site "Fujairah City UAE"]
[Date "2025.08.25"]
[Round "1.20"]
[White "Naiditsch, Arkadij"]
[Black "Movahed, Sina"]
[Result "0-1"]
[WhiteTitle "GM"]
[BlackTitle "GM"]
[WhiteElo "2604"]
[BlackElo "2558"]
[WhiteFideId "4650891"]
[BlackFideId "42520835"]
[EventDate "2025.08.25"]

1. e4 c5 2. Nf3 d6 3. d4 cxd4 4. Nxd4 Nf6 5. Nc3 a6 6. g3 e5 7. Nb3 Be7 8. Bg2
O-O 9. a4 Nc6 10. O-O Bg4 11. Qd2 Rc8 12. h3 Bd7 13. Nd1 Be6 14. Ne3 Bxb3 15.
cxb3 Nd4 16. Qd1 Qb6 17. g4 h6 18. h4 Nh7 19. Nd5 Qd8 20. h5 Ne6 21. Be3 Bg5 22.
Bb6 Qe8 23. a5 Nf4 24. Nxf4 Bxf4 25. Qxd6 Rc6 26. Qd3 Qe6 27. Bf3 g6 28. Rad1
Ng5 29. Be2 gxh5 30. Qd5 Qg6 31. gxh5 Nf3+ 0-1